|
|
|
|
| LEADER |
00000nab a2200000 4500 |
| 001 |
vtls008694526 |
| 003 |
SK-MaSNL |
| 005 |
20260305000457.0 |
| 008 |
250505 1953 xo p 000 0 slo |
| 015 |
|
|
|a SNBRRBDKK190120XX
|
| 035 |
|
|
|a (urnnbn)urn:nbn:sk:snk:ar-001w69
|
| 035 |
|
|
|a urn:nbn:sk:snk-abc02a
|
| 035 |
|
|
|a (uuid)46345158-cefe-4166-9bdf-1d56e4e43bf6
|
| 040 |
|
|
|a SNKBUCL
|b slo
|c SNKBUCL
|e AACR2
|
| 041 |
0 |
|
|a slo
|
| 044 |
|
|
|a xo
|c SK
|
| 080 |
|
|
|a 027
|2 1997
|
| 080 |
|
|
|a 028.5
|2 1997
|
| 080 |
|
|
|a 028.6
|2 1997
|
| 100 |
1 |
|
|a Jurovský, Anton,
|d 1908-1985
|4 aut
|9 117868
|
| 245 |
1 |
0 |
|a Čítanie u malých detí
|c Anton Jurovský
|
| 520 |
2 |
|
|a Článok o výchove malých detí k čítaniu - prezeraním obrázkov, predčítavaním, správnym výberom literatúry, ktorú deťom čítame. Rozvíja sa poznávanie, predstavivosť, city, obohacuje sa slovná zásoba. Dôležitý je spôsob čítania malým deťom. Výber kníh pre deti môžu ovplyvniť knižnice
|
| 650 |
0 |
7 |
|a deti
|2 SNKPH
|9 773
|
| 650 |
0 |
7 |
|a knižnice
|2 SNKPH
|9 17965
|
| 650 |
0 |
7 |
|a čítanie
|2 SNKPH
|9 1654
|
| 650 |
0 |
7 |
|a výchova
|2 SNKPH
|9 957
|
| 773 |
0 |
|
|t Čitateľ : mesačník pre prácu s čitateľmi
|g Roč. 2, č. 1 (1953), s. 12-14
|
| 850 |
|
|
|a Slovenská národná knižnica
|
| 852 |
|
|
|a Slovenská národná knižnica
|
| 856 |
4 |
1 |
|u http://www.viks.sk/dkk/citatel1953_12_14.doc
|y plný text
|
| 910 |
|
|
|a bdkk
|a memoriask
|
| 954 |
|
|
|a odborná, vedecká literatúra pôvodná (slovenská)
|2 lita
|
| 958 |
|
|
|a article15
|
| 958 |
|
|
|a OND
|
| 958 |
|
|
|a EUIPO
|
| 999 |
|
|
|c 3213954
|d 3215884
|